Can you name the counties of New York? - Statistics

General Stats
  • This quiz has been taken 12 times
  • The average score is 42 of 62
Answer Stats
Answer % Correct
Bronx
100%
Queens
100%
Albany
80%
Broome
80%
Clinton
80%
Delaware
80%
Dutchess
80%
Hamilton
80%
Kings
80%
Madison
80%
Nassau
80%
New York
80%
Oneida
80%
Onondaga
80%
Ontario
80%
Orange
80%
Putnam
80%
Rensselaer
80%
Richmond
80%
Rockland
80%
Schenectady
80%
Schuyler
80%
Seneca
80%
Suffolk
80%
Ulster
80%
Washington
80%
Westchester
80%
Wyoming
80%
Cayuga
60%
Chemung
60%
Chenango
60%
Columbia
60%
Cortland
60%
Erie
60%
Essex
60%
Franklin
60%
Fulton
60%
Genesee
60%
Greene
60%
Herkimer
60%
Jefferson
60%
Lewis
60%
Livingston
60%
Monroe
60%
Montgomery
60%
Niagara
60%
Orleans
60%
Oswego
60%
Otsego
60%
Saratoga
60%
Schoharie
60%
Steuben
60%
St. Lawrence
60%
Sullivan
60%
Tioga
60%
Tompkins
60%
Warren
60%
Wayne
60%
Yates
60%
Allegany
40%
Cattaraugus
40%
Chautauqua
20%
No matching quizzes found
Score Distribution
Percent of People with Each Score
Percentile by Number Answered
Your Score History
You have not taken this quiz